|
|
|
|
| LEADER |
00000nam0a2200000 4500 |
| 001 |
340198 |
| 005 |
20231102005220.0 |
| 010 |
|
|
|a 9785160137971
|
| 035 |
|
|
|a (RuTPU)RU\TPU\book\366803
|
| 090 |
|
|
|a 340198
|
| 100 |
|
|
|a 20180227d2019 k y0rusy50 ca
|
| 101 |
0 |
|
|a rus
|
| 102 |
|
|
|a RU
|
| 105 |
|
|
|a a z 001zy
|
| 200 |
1 |
|
|a Биоиндикация состояния окружающей среды
|e монография
|f В. С. Груздев
|
| 210 |
|
|
|a Москва
|c Инфра-М
|d 2019
|
| 215 |
|
|
|a 160 с.
|c табл.
|
| 225 |
1 |
|
|a Научная мысль
|
| 225 |
1 |
|
|a Экология
|
| 320 |
|
|
|a Библиогр.: с. 145-154
|
| 330 |
|
|
|a Монография написана на основе обобщения собственных полевых исследований автора, проведенных в Тверской, Вологодской и Московской областях, с анализом литературных данных по биоиндикации компонентов экосистем и экосистем в целом. Отдельные главы посвящены биоиндикации состояния атмосферного воздуха, почв, вод, растительности. Подробно рассмотрены методы биоиндикации и их применение совместно с ландшафтной индикацией. Приведены практические рекомендации по применению методов биоиндикации.
|
| 606 |
1 |
|
|a Окружающая среда
|x Биологический контроль
|2 stltpush
|3 (RuTPU)RU\TPU\subj\70427
|9 84688
|
| 610 |
1 |
|
|a история
|
| 610 |
1 |
|
|a воздух
|
| 610 |
1 |
|
|a загрязнение
|
| 610 |
1 |
|
|a почва
|
| 610 |
1 |
|
|a водные объекты
|
| 610 |
1 |
|
|a комплексная оценка
|
| 610 |
1 |
|
|a ландшафтная индикация
|
| 610 |
1 |
|
|a монографии
|
| 610 |
1 |
|
|a биоиндикация
|
| 675 |
|
|
|a 504.064
|v 4
|
| 700 |
|
1 |
|a Груздев
|b В. С.
|g Владимир Станиславович
|
| 801 |
|
1 |
|a RU
|b 63413507
|c 20180227
|
| 801 |
|
2 |
|a RU
|b 63413507
|c 20220930
|g RCR
|
| 942 |
|
|
|c BK
|
| 959 |
|
|
|a 4/20180227
|d 1
|e 720,00
|f ЧЗТЛ:1
|